Catálogo
 En Linea

Monumentos coloniales / (Registro nro. 38058)

Detalles MARC
000 -CABECERA
campo de control de longitud fija 02152nam a2200301 i 4500
001 - NÚMERO DE CONTROL
campo de control 000038568
003 - IDENTIFICADOR DEL NÚMERO DE CONTROL
campo de control DO-SdBNP
005 - FECHA Y HORA DE LA ÚLTIMA TRANSACCIÓN
campo de control 20241030150122.0
007 - CAMPO FIJO DE DESCRIPCIÓN FÍSICA--INFORMACIÓN GENERAL
campo de control de longitud fija ta
008 - DATOS DE LONGITUD FIJA--INFORMACIÓN GENERAL
campo de control de longitud fija 130415s1977 dr ac 000 0 spa d
040 ## - FUENTE DE LA CATALOGACIÓN
Centro catalogador/agencia de origen DO-SdBNP
Lengua de catalogación spa
Centro/agencia transcriptor BNPHU
Normas de descripción rda
082 #4 - NÚMERO DE LA CLASIFICACIÓN DECIMAL DEWEY
Número de clasificación xxx
Número de documento/Ítem U26m
Número de edición 22
100 1# - ENTRADA PRINCIPAL--NOMBRE DE PERSONA
Nombre de persona Ugarte, María,
Fechas asociadas al nombre 1914-2011
Término indicativo de función/relación autor
Código de función/relación aut.
9 (RLIN) 34492
245 10 - MENCIÓN DE TÍTULO
Título Monumentos coloniales /
Mención de responsabilidad, etc. María Ugarte ; prólogo, Eugenio Pérez Montás.
260 ## - PUBLICACIÓN, DISTRIBUCIÓN, ETC.
Lugar de publicación, distribución, etc. Santo Domingo :
Nombre del editor, distribuidor, etc. Museo de las Casas Reales,
Fecha de publicación, distribución, etc. 1977.
264 #4 - PRODUCCIÓN, PUBLICACIÓN, DISTRIBUCIÓN, FABRICACIÓN Y COPYRIGHT
Producción, publicación, distribución, fabricación y copyright Santo Domingo :
Nombre del de productor, editor, distribuidor, fabricante Editor Museo de las Casas Reales,
Fecha de producción, publicación, distribución, fabricación o copyright 1977.
300 ## - DESCRIPCIÓN FÍSICA
Extensión 291 páginas :
Otras características físicas ilustraciones, retratos ;
Dimensiones 29 cm.
336 ## - TIPO DE CONTENIDO
Término de tipo de contenido texto
Código de tipo de contenido txt
Fuente rdacontent
337 ## - TIPO DE MEDIO
Nombre/término del tipo de medio sin mediación
Código del tipo de medio n
Fuente rdamedia
338 ## - TIPO DE SOPORTE
Nombre/término del tipo de soporte volumen
Código del tipo de soporte nc
Fuente rdacarrier
490 1# - MENCIÓN DE SERIE
Mención de serie Publicaciones del museo de las Casas Reales de Santo Domingo (1977)
500 ## - NOTA GENERAL
Nota general Incluye datos biográficos de la autora en la solapa de la cubierta
504 ## - NOTA DE BIBLIOGRAFÍA, ETC.
Nota de bibliografía, etc. Bibliografía : páginas 290-291
505 0# - NOTA DE CONTENIDO CON FORMATO
Nota de contenido con formato Palabras liminares /
Mención de responsabilidad Dr. Eudoro Sánchez y Sánchez -- Prólogo una ciudad de destino --
-- Arq. Eugenio Pérez Montas -- Introducción --Arquitectura religiosa -- Ruinas del Monaterio de San Francisco -- Iglesia del Convento Dominico -- Iglesia de Las mercedes -- Ruinas de la iglesia -hospital de San Nicolás-- Catedral de Santo Domingo -- Santa Barbara -- Iglesia de Nuestra Señora del Carmen -- Capilla del hospital de San Andrés -- Iglesia de San Carlos -- Conjunto de San Lazaro -- Capilla de los Remedios -- Arquitectura civil --Las Casas Reales -- Alcazar de Diego Colón -- La Casa del Cordón --Colegio de Gorjón -- La Casa de la Moneda -- Las Reales Atarazanas -- Ingenio de Engombe -- Casa de Ponce de León -- Casa de la Familia Dávila -- La Casa de los Jesuitas -- Casa de Rodrígo dede Bastidas -- Casa de Nicolás de Ovando -- Casa de Tostado -- Casa del Sacreamento -- La Casa Arquitectura militar -- Fuerte de la Concepción -- Pueta del Conde -- Fortaleza de Santo Domingo -- Fortaleza de San Felipe -- Obras cosultadas
590 ## - NOTA LOCAL (RLIN)
Nota local Inventariado, 2024/BT
700 1# - PUNTO DE ACCESO ADICIONAL--NOMBRE DE PERSONA
Nombre de persona Pérez Montás, Eugenio,
Término indicativo de función/relación prologuista
9 (RLIN) 13156
942 ## - ELEMENTOS DE PUNTO DE ACCESO ADICIONAL (KOHA)
Fuente del sistema de clasificación o colocación Dewey Decimal Classification
Tipo de ítem Koha Libro
Existencias
Estado de retiro Estado de pérdida Fuente del sistema de clasificación o colocación Restricciones de uso No para préstamo Código de colección Localización permanente Ubicación/localización actual Ubicación en estantería Fecha de adquisición Total de préstamos Signatura topográfica completa Código de barras Fecha visto por última vez Precio válido a partir de Tipo de ítem Koha Número de copia Fuente de adquisición Nota pública
    Dewey Decimal Classification Excluido de préstamo   Patrimonio Dominicano Biblioteca Nacional Pedro Henríquez Ureña Biblioteca Nacional Pedro Henríquez Ureña En catalogación 15.04.2013   BNPHU PD 38568-10 25.06.2020 25.06.2020 Libro      
    Dewey Decimal Classification Excluido de préstamo   Patrimonio Dominicano Biblioteca Nacional Pedro Henríquez Ureña Biblioteca Nacional Pedro Henríquez Ureña En catalogación 24.04.2013   BNPHU PD 38568-20 25.06.2020 25.06.2020 Libro e. 2    
    Dewey Decimal Classification Préstamo en sala   Dominicana de Servicio Biblioteca Nacional Pedro Henríquez Ureña Biblioteca Nacional Pedro Henríquez Ureña En catalogación 30.10.2024   BNPHU DS 2024-6289 30.10.2024 30.10.2024 Libro e.3 Donado por la Presidencia de la República Dominicana 2023. Perteneció a la biblioteca personal de Emilio Cordero Michel.

Con tecnología Koha